000 00276nam a2200121Ia 4500
008 190216s9999||||xx |||||||||||||| ||und||
100 _aDavid Crystal
245 0 _aLinguistics
260 _bPenguin Books
_c1976
300 _a267
650 _aEnglish Literature
942 _cBK
999 _c12872
_d12872